| 000 | 004290000a22001690004500 | ||
|---|---|---|---|
| 003 | MACL | ||
| 005 | 20160803161652.0 | ||
| 008 | 160803b xxu||||| |||| 00| 0 eng d | ||
| 040 |
_aMACL _cMACL |
||
| 041 | _aEnglish | ||
| 082 | _a920 HAS | ||
| 100 |
_aHasell, E J _966128 |
||
| 245 |
_aCalderon _cE. J. Hasell |
||
| 260 |
_bWilliam Blackwood & Sons Ltd _c1879 _aLondon |
||
| 650 |
_aBiography _966129 |
||
| 942 |
_cBK _k920/HAS _2ddc |
||
| 999 |
_c37384 _d37384 |
||